Vybrané produkty platobných služieb v kontexte európskej platobnej integrácie
Nové štandardy bezhotovostných platieb. Nová európska legislatíva SEPA. IBAN v platobných príkazoch - zmeny pre podniky. Podmienky inkasných príkazov. Prínos implementácie produktov pre podniky.
Salvato in:
| Autore principale: | |
|---|---|
| Natura: | Capitolo di libro |
| Lingua: | slovacco |
| Soggetti: | |
| Tags: |
Nessun Tag, puoi essere il primo ad aggiungerne!!
|
MARC
| LEADER | 00000naa$a2200000$$$4500 | ||
|---|---|---|---|
| 001 | 0181088 | ||
| 005 | 20240502073112.2 | ||
| 041 | 0 | |a slo | |
| 044 | |a SK | ||
| 245 | 1 | 0 | |a Vybrané produkty platobných služieb v kontexte európskej platobnej integrácie |c Magdaléna Kubranová |
| 520 | |a Nové štandardy bezhotovostných platieb. Nová európska legislatíva SEPA. IBAN v platobných príkazoch - zmeny pre podniky. Podmienky inkasných príkazov. Prínos implementácie produktov pre podniky. | ||
| 610 | 2 | 0 | |a platby bezhotovostné |
| 610 | 2 | 0 | |a príkazy prevodné |
| 610 | 2 | 0 | |a inkaso |
| 610 | 2 | 0 | |a banky |
| 610 | 2 | 0 | |a firmy |
| 610 | 2 | 0 | |a integrácia |
| 610 | 2 | 0 | |a euro |
| 610 | 2 | 0 | |a Európska únia |
| 100 | 1 | |a Kubranová, Magdaléna, 1956- | |